000 00990nam a22002657a 4500
999 _c21531
_d21531
003 AR-CdUCM
008 190311b ||||| |||| 00| 0 spa d
020 _a9786123171490
040 _aMUNICIPALIDAD PROVINCIAL DEL CUSCO
_cBIBLIOTECA MUNICIPAL DEL CUSCO
082 _a306.44/R91
_bR91
100 _aRubina, Celia
_945258
245 _aEl Perú a través de sus discursos :
_coralidad, textos e imágenes desde una perspectiva semiótica /
_bCelia Rubina y Lilian Kanashiro
260 _aLima :
_bPontificia Universidad Católica del Perú,
_c2015.
300 _a298 páginas. :
_bilustraciones ;
_c21 cm.
500 _zIncluye bibliografías
650 _aSociolingüística
_910901
650 _aLenguaje y cultura
_923310
650 _aAnálisis del discurso
_941948
650 _aSemiótica
_91831
650 _aAspectos sociales
_9262
700 _aKanashiro, Lilian
_945259
710 _aPontificia Universidad Católica del Perú
_9400
942 _2ddc
_cLIBROS
945 _aRoel